Mentjapai Indonesia merdeka. (Record no. 60299)
[ view plain ]
| 000 -LEADER | |
|---|---|
| fixed length control field | 00784cam a22002171 4500 |
| 001 - CONTROL NUMBER | |
| control field | sa 64007504 |
| 003 - CONTROL NUMBER IDENTIFIER | |
| control field | DLC |
| 005 - DATE AND TIME OF LATEST TRANSACTION | |
| control field | 20260227112047.0 |
| 008 - FIXED-LENGTH DATA ELEMENTS--GENERAL INFORMATION | |
| fixed length control field | 920828s1962 io 000 0 ind |
| 010 ## - LIBRARY OF CONGRESS CONTROL NUMBER | |
| LC control number | sa 64007504 |
| 025 ## - OVERSEAS ACQUISITION NUMBER | |
| Overseas acquisition number | PL480:Indo-743 |
| 035 ## - SYSTEM CONTROL NUMBER | |
| System control number | (OCoLC)26498609 |
| 040 ## - CATALOGING SOURCE | |
| Original cataloging agency | DLC |
| Transcribing agency | CU |
| Modifying agency | CU |
| -- | DLC |
| 042 ## - AUTHENTICATION CODE | |
| Authentication code | premarc |
| 050 00 - LIBRARY OF CONGRESS CALL NUMBER | |
| Classification number | DS644 |
| Item number | .S8123 1962 |
| 100 0# - MAIN ENTRY--PERSONAL NAME | |
| Personal name | Soekarno, |
| Dates associated with a name | 1901-1970. |
| 245 10 - TITLE STATEMENT | |
| Title | Mentjapai Indonesia merdeka. |
| Remainder of title | Risalah ini ditulis ketika Bung Karno beristirahat disesuatu tempat dipergunungan Selatan Bandung (Pengalengan) pada bulan Maret 1933; dikutip dari penerbitan Departemen Penerangan, penerbitanchusus 84. |
| 260 ## - PUBLICATION, DISTRIBUTION, ETC. | |
| Place of publication, distribution, etc. | Djakarta, |
| Name of publisher, distributor, etc. | Bwaro Niaga |
| Date of publication, distribution, etc. | [cover 1962] |
| 300 ## - PHYSICAL DESCRIPTION | |
| Extent | 84 p. |
| Dimensions | 21 cm. |
| 651 #0 - SUBJECT ADDED ENTRY--GEOGRAPHIC NAME | |
| Geographic name | Indonesia |
| General subdivision | Politics and government. |
No items available.